000
00298nam a2200133Ia 4500
100
_a
Kakde/ O.G/ Deshpande/U.A
650
_a
Automobiles
942
_c
BK
654
_a
datastructres
245
_a
Datastructures and Algorithms
260
_b
ISTE
_c
2001
082
_a
5.73
_b
KAK
546
_a
ENGLISH
999
_c
32811
_d
32811